banner koha

Obtencao de hibridos duplos de milho para tolerancia a toxidez de aluminio (Registro n. 126244)

MARC details
000 -LÍDER
campo de controle de tamanho fixo 00866nas a2200277 4500
001 - NÚMERO DE CONTROLE
campo de controle BR8903331
003 - IDENTIFICADOR DO NÚMERO DE CONTROLE
campo de controle BR-BrBNA
005 - DATA E HORÁRIO DA ÚLTIMA TRANSAÇÃO
campo de controle 20231205091624.0
007 - CAMPO FIXO DE DESCRIÇÃO FÍSICA--INFORMAÇÃO GERAL
campo de controle de tamanho fixo ta
008 - CAMPO DE DADOS FIXOS--INFORMAÇÃO GERAL
campo de controle de tamanho fixo 230509b bl.|||p| |||| 00| 00por d
040 ## - FONTE DA CATALOGAÇÃO
Instituição da catalogação original BR-BrBNA
Idioma da catalogação por
Instituição que transcreveu o registro Biblioteca Nacional de Agricultura
041 ## - CÓDIGO DE IDIOMA
Código do idioma do texto/trilha sonora ou título diferente (Pt)
072 ## - CÓDIGO DE CATEGORIA DE ASSUNTO
Código de Categoria de Assunto F30; H50
100 1# - ENTRADA PRINCIPAL--NOME PESSOAL
Nome pessoal Magnavaca, R.
100 1# - ENTRADA PRINCIPAL--NOME PESSOAL
Nome pessoal Gama, E.E.G. e
100 1# - ENTRADA PRINCIPAL--NOME PESSOAL
Nome pessoal Bahia Filho, A.F.C.
100 1# - ENTRADA PRINCIPAL--NOME PESSOAL
Nome pessoal Fernandes, F.T.
245 1# - TÍTULO
Título Obtencao de hibridos duplos de milho para tolerancia a toxidez de aluminio
246 1# - FORMA VARIANTE DO TÍTULO
Título/título abreviado Double-cross hybrid selection for aluminum tolerance
650 ## - ASSUNTO--TERMO TÓPICO
Cabeçalho tópico ou nome geográfico MILHO
650 ## - ASSUNTO--TERMO TÓPICO
Cabeçalho tópico ou nome geográfico HIBRIDO
650 ## - ASSUNTO--TERMO TÓPICO
Cabeçalho tópico ou nome geográfico FITOTOXICIDADE
773 0# - ENTRADA ANALÍTICA
Título Pesquisa Agropecuaria Brasileira (Brazil)
ISSN - International Standard Serial Number ISSN 0100-204X
Partes relacionadas (Sep 1988), v. 23(9) p. 971-977
Número de controle do registro BR8903331
909 ## -
-- 202311
-- Lúcia
-- 55
-- Lúcia Elande
942 ## - ELEMENTOS DE ENTRADA ADICIONADOS (KOHA)
Fonte da classificação ou esquema de arquivamento na estante Classificação AGRIS
Ocultar no OPAC Não
Tipo de material Koha Analítica
Exemplares
Situação do descarte Fonte da classificação ou esquema de arquivamento na estante Situação física Não pode ser emprestado Biblioteca de origem Biblioteca atual Localização na estante Enumeração do periódico / cronologia Total de empréstimos Data de último acesso Número do exemplar Tipo de material Koha Fonte de aquisição
  Classificação AGRIS   Consulta local Biblioteca Nacional de Agricultura - Binagri Biblioteca Nacional de Agricultura - Binagri   (Sep 1988), v. 23(9) p. 971-977   29/11/2023 01 Periódicos Portaria Interministerial nº 164/94

BINAGRI

Telefone: (61)3218-2567/2388/3357/2097 - binagri@agro.gov.br

Ministério da Agricultura e Pecuária , Esplanada dos Ministérios, Bloco D, Anexo B, Brasília/DF, CEP: 70.043-900